00436nam a22001457a 4500020002200000082001400022100001700036245002800053260003300081300000800114650001800122942000700140952012600147999001700273 a978-93-83691-67-8 a220.9 BRU aBruce, F .F. aThe Origin of The Bible aSecunderabadbGS Booksc2015 a331 aBible-History cBK 001040708NFICaHMIbHMIcGENd2017-08-24eOm Books Foundationg120.00l0o220.9 BRUp25325r2017-09-06w2017-09-06yBK c20614d20614